Strength of materials / (Record no. 7402)
[ view plain ]
| 000 -LEADER | |
|---|---|
| fixed length control field | 00477cam a2200205ua 4500 |
| 041 ## - LANGUAGE CODE | |
| Language code of text/sound track or separate title | eng |
| 082 ## - DEWEY DECIMAL CLASSIFICATION NUMBER | |
| Classification number | 624.17 |
| Item number | SAD/ST |
| 100 ## - MAIN ENTRY--AUTHOR NAME | |
| Personal name | Sadhu, Singh . |
| 245 ## - TITLE STATEMENT | |
| Title | Strength of materials / |
| 250 ## - EDITION STATEMENT | |
| Edition statement | 5 / |
| 260 ## - PUBLICATION, DISTRIBUTION, ETC. (IMPRINT) | |
| Place of publication | Delhi : |
| Name of publisher | Khanna publishers , |
| Year of publication | 1992. |
| 300 ## - PHYSICAL DESCRIPTION | |
| Number of Pages | 1136 ; . |
| 500 ## - GENERAL NOTE | |
| General note | *CSS |
| 942 ## - ADDED ENTRY ELEMENTS (KOHA) | |
| Koha item type | Books |
| Withdrawn status | Lost status | Damaged status | Home library | Current library | Shelving location | Date acquired | Cost, normal purchase price | Full call number | Accession Number | Koha item type |
|---|---|---|---|---|---|---|---|---|---|---|
| KAUAET | KAUAET | Scheme | 11/09/2018 | 120.00 | 624.17 SAD/ST | 18283 | Books | |||
| KAUAET | KAUAET | 06/02/2025 | 120.00 | 624.17 SAD/ST | 18284 | Books |
